1011 1814 1249 1608 1855 1102 1552 1205 1289 1376 1218 1934 1710 1983 1298 1087 1932 1836 1944 1343 1657 1748 1182 1585 1150 1006 1349 1194 1717 1527 1543 1326 1515 1656 1606 1256 1443 1472 1957 1098 1018 1476 1043 1426 1849 1777 1567 1867 1264 1539 1521 1133 1800 1590 1662 1864 1792 1047 1010 1597 1426 1251 1476 1074 1640 1611 1409 1124 1349 1965 1402 1692 1167 1030 1213 1036 1000 1632 1406 1216 1319 1206 1571 1936 1044 1931 1728 1642 1362 1072 1298 1214 1397 1775 1551 1849 1818 1598 1386 BCNSPRNW ULIB Ver.6.0+V

เปลี่ยนเป็นภาษาไทย

Change to English
 แสดงรายละเอียดบรรณานุกรม
  กลับหน้าหลัก

Brief Record : Get Marc (ISO 2709) : E-mail record : QR code < ปิดหน้าต่าง
LEADER : 00000nam 2200000uu 4500
001    13399110450
003     ULIB
008    110531s2550||||th 000 0 tha d
020    9789742965259
060  4 WM55^bส945ค 2550
110 1  กระทรวงสาธารณสุข,^bกรมสุขภาพจิต
245 00 คู่มือสำหรับวิทยากรหลักสูตรบูรณาการ การดูแลจิตใจในภาวะวิกฤต(พื้นฐาน)^cเสาวลักษณ์ สุวรรณไมตรี, อุษา ลิ่มซิ้ว และชาดา ประจง,บรรณาธิการ
260    กรุงเทพฯ:^bโรงพิมพ์ชุมนุมสหกรณ์การเกษตรแห่งประเทศไทย,2550
300    180 หน้า
650  7 การดูแลจิตใจ
650  7 ภาวะวิกฤต
650  7 การให้คำปรึกษา
945    ^p0^l0^i18198
945    ^p0^l0^i18199
995    เกษร
999     ^aใช้งานได้ทุกระบบ
รายการนี้ยังไม่มีแท็ก
คุณยังไม่ได้ล็อกอิน คุณสามารถมีกิจกรรมร่วมกับเว็บไซต์ได้ แต่ต้องล็อกอินก่อน ::
  ล็อกอิน

รายการสื่อสารสนเทศ

ลำดับที่ ประเภท เลขเรียก/บาร์โค้ด สถานที่ สถานะ
1. วิทยาศาสตร์การแพทย์ และสุขภาพ
วิทยาศาสตร์การแพทย์ และสุขภาพ
WM55 ส945ค 2550  
  Barcode: 18198
ห้องสมุดวิทยาเขตนครสวรรค์
►ส่วนจัดเก็บหนังสือเก่า นว.
บนชั้น
  ขอยืม
2. วิทยาศาสตร์การแพทย์ และสุขภาพ
วิทยาศาสตร์การแพทย์ และสุขภาพ
WM55 ส945ค 2550 ฉ.2 
  Barcode: 18199
ห้องสมุดวิทยาเขตนครสวรรค์
►ส่วนจัดเก็บหนังสือเก่า นว.
บนชั้น
  ขอยืม

รายการใกล้เคียง
    หัวเรื่อง [การดูแลจิตใจ]
    หัวเรื่อง [ภาวะวิกฤต]
    หัวเรื่อง [การให้คำปรึกษา]

BibComment


ยังไม่เคยถูกคอมเมนท์

คอมเมนท์ทรัพยากรรายการนี้
  คอมเมนท์: คู่มือสำหรับวิทยา..


 Copyright 2026. Bcnsprnw @Library